00866nam a22002297a 450000500170000001000130001702000100003003500130004003700160005304000120006908200220008110000510010324500720015424600380022626000640026427001080032830000550043665000490049165000550054065000240059565000170061920170124102955.0 aA-834609 c60.00 aA-834609 bCen Lib/Ret aDPLbHN a821bपालज aपाल, जयजयराम अरुण  aदिव्या /cजयजयराम अरुण पाल  aDivya /bby Jayjayraam Arun Paal  aदिल्ली bपाल प्रकाशन c1996 bदिल्ली a182, चन्द्रलोक मंडोली रोड, शाहदरा  axi,64पृ. c20सेमी (सजिल्द) aहिन्दी -- साहित्य  aहिन्दी -- पद्यकाव्य aHindi -- literature aHindi - Poem